书目信息 |
| 题名: |
家庭实用演说谈判手册
|
|
| 作者: | 李飞 编著 | |
| 分册: | ||
| 出版信息: | 北京 北京体育学院出版社 1989.3 |
|
| 页数: | 146页 | |
| 开本: | 19cm | |
| 丛书名: | ||
| 单 册: | ||
| 中图分类: | C913.11 | |
| 科图分类: | ||
| 主题词: | 家庭 , 家族 | |
| 电子资源: | ||
| ISBN: | 7-81003-170-8 | |
| 000 | 00641nam0 2200229 45 | |
| 001 | 0189024384 | |
| 005 | 20050610103540.7 | |
| 010 | @a7-81003-170-8@dCNY2.20 | |
| 100 | @a19910905d1989 m y0chiy0120 ea | |
| 101 | 0 | @achi |
| 102 | @aCN@b110000 | |
| 105 | @ay g 000yy | |
| 200 | 10 | @a家庭实用演说谈判手册@AJia Ting Shi Yong Yan Shuo Tan Pan Shou Ce@f李飞编著@FLi Fei Bian Zhu |
| 210 | @a北京@c北京体育学院出版社@d1989.3 | |
| 215 | @a146页@d19cm | |
| 300 | @a家庭交际礼仪手册续篇 | |
| 606 | 0 | @a家庭 |
| 606 | 0 | @a家族 |
| 690 | @aC913.11@v3 | |
| 701 | 0 | @a李飞@4编著 |
| 801 | 0 | @aCN@bNLC@c19910905 |
| 905 | @dC913.11@e172:2@f1@b257570 | |
| 家庭实用演说谈判手册/李飞编著.-北京:北京体育学院出版社,1989.3 |
| 146页;19cm |
| 家庭交际礼仪手册续篇 |
| ISBN 7-81003-170-8:CNY2.20 |
| ● |
| 相关链接 |
|
|
|
|
正题名:家庭实用演说谈判手册
索取号:C913.11/172:2
 
预约/预借
| 序号 | 登录号 | 条形码 | 馆藏地/架位号 | 状态 | 备注 |
| 1 | 0257569 | 000372493 | 密集书库/ [索取号:C913.11/172:2] | 在馆 | |
| 2 | 0257570 | 000371038 | 第一样本阅览室/ [索取号:C913.11/172:2] | 在馆 | |
| 3 | 0257571 | 000371047 | 密集书库/ [索取号:C913.11/172:2] | 在馆 |